Science Quiz

Random Science or Math Quiz

Square Numbers (1-50) Quiz Stats

 Plays Quiz Updated Oct 28, 2018

Score 0/50 Timer 04:00
2 Plays Today
Category Squared number % Correct
1-101
99.9%
1-104
97.9%
1-109
97.5%
1-1016
97.2%
1-1025
97%
1-1036
96.7%
1-1049
96.3%
1-10100
96.2%
1-1081
96%
1-1064
96%
11-20121
94.7%
11-20144
93.9%
11-20169
84%
11-20400
77.8%
11-20225
74.1%
11-20196
70.3%
21-30900
69.9%
41-502500
66.2%
31-401600
66%
11-20256
61.8%
11-20289
54.8%
11-20324
52.1%
21-30441
51.1%
11-20361
51%
21-30625
48.4%
Category Squared number % Correct
21-30484
47.4%
21-30529
41.7%
21-30576
39.8%
21-30676
34.9%
31-40961
33.9%
21-30729
32.8%
21-30784
30.7%
21-30841
30.5%
31-401024
29.5%
31-401089
25.8%
31-401225
24.6%
41-501681
23.3%
31-401156
22.4%
31-401296
19.8%
31-401369
18.3%
31-401521
18%
31-401444
17.3%
41-502025
17.1%
41-501764
17%
41-501849
15%
41-501936
14.3%
41-502401
14.1%
41-502116
12.8%
41-502209
12.2%
41-502304
12.1%

You're not logged in!

Compare scores with friends on all Sporcle quizzes.
OR
Log In

Sporcle TV

Today on Sporcle TV


Watch our educational content, quiz creation guides, and fun videos on Sporcle TV.

Show Comments

Extras

Top Quizzes Today


Score Distribution

Your Account Isn't Verified!

In order to create a playlist on Sporcle, you need to verify the email address you used during registration. Go to your Sporcle Settings to finish the process.

Report this User

Report this user for behavior that violates our Community Guidelines.

Details: